Most common words in Spanish - Statistics

General Stats
  • This quiz has been taken 83 times
  • The average score is 71 of 97
Answer Stats
English Meaning Answer % Correct
to A
100%
he is, she is, it is (for essential characteristics) Es
98%
my Mi
98%
no No
98%
of, from De
97%
the (for masculine singular nouns) El
97%
he El
97%
if Si
97%
yes
97%
your Tu
97%
you
97%
and Y
97%
two Dos
95%
or O
95%
I Yo
93%
house Casa
92%
with Con
92%
thank you Gracias
92%
that Que
92%
what / how (as in “how nice!”) Qué
92%
where Donde
90%
she Ella
90%
he is, she is, it is (non-permanent characteristics) Esta
90%
the (for feminine singular nouns) La
90%
himself, herself, itself Se
90%
I know
90%
good Bueno
88%
hello Hola
88%
more Más
88%
in, on, at En
86%
for, by, through Por
86%
you (direct-object pronoun) Te
86%
nothing Nada
83%
how, as, like Como
81%
how Cómo
81%
when Cuando
81%
for, to Para
81%
he has, she has, it has Tiene
81%
but Pero
80%
because Porque
80%
who Quién
80%
I have Tengo
80%
well, good Bien
78%
this one (for singular masculine nouns) Este
78%
he has, she has, it has (auxiliary) Ha
78%
the (for plural feminine nouns) Las
78%
the (for plural masculine nouns) Los
78%
I want Quiero
78%
now Ahora
76%
to the Al
76%
a, an (for singular masculine nouns) Un
76%
here Aquí
75%
this (for singular masculine nouns) Esto
75%
this one (for singular feminine nouns) Esto
75%
mister Señor
75%
I am (for essential characteristics) Soy
75%
it, him (direct-object pronoun) Lo
73%
very Muy
73%
I can Puedo
69%
everything Todo
69%
I am (non-permanent characteristics) Estoy
68%
you have Tienes
68%
god Dios
66%
you are Eres
66%
me, myself Me
66%
never Nunca
66%
you want Quieres
66%
us Nos
64%
his, her, its Su
64%
let's go, come on Vamos
64%
to do, to make Hacer
63%
a, an (for singular feminine nouns) Una
61%
I go Voy
61%
I believe Creo
59%
he can, she can, it can Puede
59%
favor Favor
58%
you know Sabes
56%
they are (for permanent characteristics) Son
56%
you are (non-permanent characteristics) Estás
54%
him, her, formal you (indirect object pronoun) Le
54%
everyone Todos
54%
his, her (for plural nouns) Sus
53%
of the, from the, in the Del
51%
that one Ese
51%
that Eso
49%
there is Hay
49%
was Fue
47%
already Ya
46%
something Algo
44%
that one (for singular feminine nouns) Esa
44%
time (as in “one time”) Vez
42%
only just Sólo
39%
like this Así
36%
he was, she was, it was (permanent characteristics) Era
31%
I have (auxiliary) He
29%
so Tan
29%
he was, she was, it was Ser
19%
No matching quizzes found
Score Distribution
Percent of People with Each Score
Percentile by Number Answered
Your Score History
You have not taken this quiz